| 000 | 00800nam a2200277Ia 4500 | ||
|---|---|---|---|
| 001 | 43598 | ||
| 005 | 20240114003554.0 | ||
| 007 | ta | ||
| 008 | 081230s2008 g b000 u 465 u | ||
| 020 | _a978-81-317-1431-7 | ||
| 040 | _aCotton College,Assam | ||
| 041 | _a465 | ||
| 082 |
_a336 _bLa 41 Ma |
||
| 100 | _aLaudon, Kenneth C. . | ||
| 245 | 0 |
_aManagement Information Systems / _cKenneth C.Laudon,Jane P.Laudon. _hTextual Documents |
|
| 250 | _a10th ed / | ||
| 260 |
_aDelhi : _bPearson Education , _c2008. |
||
| 300 |
_a731pg ; _c27cm. |
||
| 500 | _aIssued to General section Acc No 609/Eco | ||
| 653 | _aEconomics- Management Information Systems | ||
| 653 | _aG-Economics | ||
| 700 | _aLaudon, Jane P. . | ||
| 942 |
_2ddc _cBK |
||
| 999 |
_c43564 _d43564 |
||